000 00473nam a2200181Ia 4500
005 20250508163334.0
008 008 250505s9999 xx 000 0 eng d
037 _aTextual
040 _aFEDL
_beng
_cFEDL
041 _aeng
_2eng
084 _a428, JAC
_qFEDL
100 _aJackson David
245 0 _aContinuity in secondary english
260 _aLondon, UK
_bMethuen
_c1982
300 _a250p.
942 _cTEXL
_h428, JAC
999 _c1382413
_d1382413